=LDR 00000nam 2200000 4500 =001 NUTBA000000000004294 =005 20140910114502.0 =006 =007 =008 =035 ##$$a 0010-091400000000327 =040 ##$$a NBPDMAT =082 ##$$a 540.76 =084 ##$$a 540.76 Sum k =100 ##$$a Sumarsih =245 ##$$a Kimia untuk SMA/MA semester 2 kelas X / $c Sumarsih,Wilgati,Siti Wulningsih;edtor, Agus W =260 ##$$a Kartasura : $b Hasan Pratama, $c [s.a] =300 ##$$a 80 hlm. : $b ilus. ; $c 26 cm. =650 ##$$a Kimia-SMA-soal,dsb =990 ##$$a 21410942 =990 ##$$a 0001/BPAP-NTB/20142014 =990 ##$$a 0001/BPAP-NTB/20142014 =990 ##$$a 0001/BPAP-NTB/20142014 =990 ##$$a 0001/BPAP-NTB/20142014 =990 ##$$a 0001/BPAP-NTB/20142014 =990 ##$$a 0001/BPAP-NTB/20142014 =990 ##$$a 0001/BPAP-NTB/20142014